000 00765nam a2200229Ia 4500
003 GCL
008 140319s9999 xx 000 0 ara d
040 _aGCL /
_cGCL
082 0 4 _a372.216
_bع ث
100 1 _aعواطف ابراهيم محمد
245 1 0 _aالثقافة الصحية فى برامج دور الحضانة ( للاطفال من 4 الى 6 سنوات ) /
_cعواطف ابراهيم محمد
260 _a[S.N] :
_bمكتبة الانجلوالمصرية ،
_c1987
300 _a206 ص
490 _a
650 0 4 _aالاطفال
650 0 4 _aرياض الاطفال
650 0 4 _aمدارس الحضانة
650 0 4 _aالثقافة
650 0 4 _aالتعليم الصحى
650 0 4 _aالوعى الصحى
942 _2ddc
_cBK
999 _c31762
_d31762